[Event "ARG-ch sf"]
[Site "La Banda"]
[Date "2017.01.15"]
[Round "5"]
[White "Santucho, Jorge Mario"]
[Black "Picco, Daniel"]
[Result "1/2-1/2"]
[WhiteElo "1956"]
[BlackElo "2045"]
[PlyCount "124"]
[EventDate "2017.01.14"]
[EventType "swiss"]
[EventRounds "6"]
[EventCountry "ARG"]
[SourceTitle "CBM 176 Extra"]
[Source "ChessBase"]
[SourceDate "2017.03.02"]
[SourceVersion "1"]
[SourceVersionDate "2017.03.02"]
[SourceQuality "1"]

1. e4 e6 2. d4 d5 3. Nd2 dxe4 4. Nxe4 Nd7 5. Bd3 Ngf6 6. Nf3 b6 7. c3 Bb7 8. Bg5 Be7 9. Qc2 c5 10. dxc5 bxc5 11. Bxf6 gxf6 12. Bb5 a6 13. Ba4 Qc7 14. 0-0-0 Bc6 15. Bxc6 Qxc6 16. Qd3 Rb8 17. Nd6+ Bxd6 18. Qxd6 Rb6 19. Qxc6 Rxc6 20. Rd2 Nb6 21. Rhd1 0-0 22. Rd6 Rfc8 23. Rxc6 Rxc6 24. Rd8+ Kg7 25. Nd2 f5 26. c4 e5 27. b3 h6 28. Kd1 Kf6 29. Ke2 Ke7 30. Rd3 Rg6 31. Rh3 e4 32. g3 Kf6 33. f3 exf3+ 34. Nxf3 Nc8 35. Rh5 Ke6 36. Nh4 Rf6 37. Ng2 Ne7 38. Nf4+ Kd6 39. Ke3 a5 40. Kd3 Ke5 41. Ke3 Kd6 42. h3 Nc6 43. Nd5 Re6+ 44. Kf2 Nd4 45. Ne3 Rf6 46. Rh4 Ke5 47. Nd5 Ra6 48. Nc3 Rg6 49. Rh5 Ke6 50. Nd5 Kd6 51. Ne3 Rf6 52. Nd5 Re6 53. Ne3 Ke5 54. Ng4+ Ke4 55. Nxh6 f6 56. g4 f4 57. Rxc5 Kd3 58. Rd5 Re2+ 59. Kg1 Rxa2 60. Nf5 Ra1+ 61. Kf2 Ra2+ 62. Kg1 Ra1+ 1/2-1/2

[Event "Nicandro Memorial U2200 3rd"]
[Site "Santiago del Estero"]
[Date "2014.11.02"]
[Round "4.1"]
[White "Picco, Daniel"]
[Black "Santucho, Jorge Mario"]
[Result "1/2-1/2"]
[WhiteElo "2185"]
[BlackElo "2057"]
[PlyCount "61"]
[EventDate "2014.11.01"]
[EventType "swiss"]
[EventRounds "6"]
[EventCountry "ARG"]
[SourceTitle "EXT 2024"]
[Source "ChessBase"]
[SourceDate "2023.10.10"]
[SourceVersion "1"]
[SourceVersionDate "2023.10.10"]
[SourceQuality "1"]

1. e4 c5 2. Nc3 Nc6 3. g3 g6 4. Bg2 Bg7 5. Nge2 d6 6. d3 e6 7. 0-0 Nge7 8. Be3 Nd4 9. Qd2 0-0 10. Nd1 Rb8 11. c3 Nxe2+ 12. Qxe2 Nc6 13. f4 Bd7 14. Nf2 Qe7 15. Rad1 a6 16. d4 cxd4 17. cxd4 Na5 18. Rfe1 Bb5 19. Qf3 Nc4 20. Bc1 Nb6 21. b3 Rfc8 22. a4 Be8 23. Ba3 Qd8 24. e5 Bf8 25. exd6 Bc6 26. Qd3 Bxg2 27. Kxg2 Bxd6 28. Bb2 Nd5 29. Rc1 Bb4 30. Rxc8 Rxc8 31. Rc1 1/2-1/2